Statistics for Skylanders Superchragers Skylanders

Click here to take the quiz!

General Stats

  • This quiz has been taken 13 times
  • The average score is 12 of 20

Answer Stats

HintAnswer% Correct
FireSpitfire
100%
WaterDive-Clops
75%
FireHammer Slam Bowser
75%
FireLava Lance Eruptor
75%
DarkNightfall
75%
LightAstroblast
63%
UndeadBone Bash Roller Brawl
63%
WaterDeep Dive Gill Grunt
63%
UndeadFiesta
63%
TechHigh Volt
63%
EarthSmash Hit
63%
AirStormblade
63%
LifeSuper Shot Stealth Elf
63%
LifeThrillipede
63%
MagicBig Bubble Pop Fizz
50%
TechDouble Dare Trigger Happy
50%
AirHurricane Jet-Vac
50%
EarthShark Shooter Terrafin
50%
MagicSplat
50%
LifeTurbo Charged Donkey Kong
13%

Score Distribution

Percentile by Number Answered

Percent of People with Each Score

Your Score History

You have not taken this quiz